Cargando…

Midlife : A Philosophical Guide /

Philosophical wisdom and practical advice for overcoming the problems of middle ageHow can you reconcile yourself with the lives you will never lead, with possibilities foreclosed, and with nostalgia for lost youth? How can you accept the failings of the past, the sense of futility in the tasks that...

Descripción completa

Detalles Bibliográficos
Autor principal: Setiya, Kieran, 1976- (Autor)
Formato: Electrónico eBook
Idioma:Inglés
Publicado: Princeton : Princeton University Press, 2017.
Colección:Book collections on Project MUSE.
Temas:
Acceso en línea:Texto completo

MARC

LEADER 00000cam a22000004a 4500
001 musev2_64698
003 MdBmJHUP
005 20230905050647.0
006 m o d
007 cr||||||||nn|n
008 170817s2017 nju o 00 0 eng d
020 |a 9781400888474 
020 |z 9780691183282 
020 |z 9780691173931 
035 |a (OCoLC)1132688577 
040 |a MdBmJHUP  |c MdBmJHUP 
100 1 |a Setiya, Kieran,  |d 1976-  |e author. 
245 1 0 |a Midlife :   |b A Philosophical Guide /   |c Kieran Setiya. 
264 1 |a Princeton :  |b Princeton University Press,  |c 2017. 
264 3 |a Baltimore, Md. :  |b Project MUSE,   |c 2020 
264 4 |c ©2017. 
300 |a 1 online resource (200 pages). 
336 |a text  |b txt  |2 rdacontent 
337 |a computer  |b c  |2 rdamedia 
338 |a online resource  |b cr  |2 rdacarrier 
505 0 |a A brief history of the midlife crisis -- Is that all there is? -- Missing out -- Retrospection -- Something to look forward to -- Living in the present. 
520 |a Philosophical wisdom and practical advice for overcoming the problems of middle ageHow can you reconcile yourself with the lives you will never lead, with possibilities foreclosed, and with nostalgia for lost youth? How can you accept the failings of the past, the sense of futility in the tasks that consume the present, and the prospect of death that blights the future? In this self-help book with a difference, Kieran Setiya confronts the inevitable challenges of adulthood and middle age, showing how philosophy can help you thrive. You will learn why missing out might be a good thing, how options are overrated, and when you should be glad you made a mistake. You will be introduced to philosophical consolations for mortality. And you will learn what it would mean to live in the present, how it could solve your midlife crisis, and why meditation helps. Ranging from Aristotle, Schopenhauer, and John Stuart Mill to Virginia Woolf and Simone de Beauvoir, as well as drawing on Setiya's own experience, Midlife combines imaginative ideas, surprising insights, and practical advice. Writing with wisdom and wit, Setiya makes a wry but passionate case for philosophy as a guide to life. 
588 |a Description based on print version record. 
650 7 |a Midlife crisis.  |2 fast  |0 (OCoLC)fst01020589 
650 7 |a Middle age  |x Psychological aspects.  |2 fast  |0 (OCoLC)fst01020359 
650 7 |a PHILOSOPHY  |x Ethics & Moral Philosophy.  |2 bisacsh 
650 7 |a PSYCHOLOGY  |x General.  |2 bisacsh 
650 7 |a PSYCHOLOGY  |x Developmental  |x Lifespan Development.  |2 bisacsh 
650 7 |a PSYCHOLOGY  |x Developmental  |x General.  |2 bisacsh 
650 7 |a FAMILY & RELATIONSHIPS  |x Life Stages  |x General.  |2 bisacsh 
650 6 |a Âge moyen  |x Aspect psychologique. 
650 6 |a Crises de l'âge adulte. 
650 0 |a Middle age  |x Psychological aspects. 
650 0 |a Midlife crisis. 
655 7 |a Electronic books.   |2 local 
710 2 |a Project Muse.  |e distributor 
830 0 |a Book collections on Project MUSE. 
856 4 0 |z Texto completo  |u https://projectmuse.uam.elogim.com/book/64698/ 
945 |a Project MUSE - Custom Collection 
945 |a Project MUSE - Archive Complete Supplement VIII 
945 |a Project MUSE - Archive Philosophy and Religion Supplement VIII